| 000 | 00427nam a2200169Ia 4500 | ||
|---|---|---|---|
| 005 | 20250423100721.0 | ||
| 008 | 250422s9999 xx 000 0 und d | ||
| 020 | _a9789789541539 | ||
| 050 | _aHM 1221 .P67/ | ||
| 100 | _aPopoola, Muyiwa | ||
| 245 | 0 | _aPublic relations: fundamentals and media campaigns | |
| 260 | _aIbadan | ||
| 260 | _bPrudent Impression Publishers | ||
| 260 | _c2015 | ||
| 300 | _a150 p | ||
| 942 | _cBK | ||
| 999 |
_c34148 _d34148 |
||